|
|
|
|
| LEADER |
00000nam0a2200000 4500 |
| 001 |
155939 |
| 005 |
20231031152838.0 |
| 010 |
|
|
|a 5762503003
|
| 020 |
|
|
|a RU
|b 92-37972
|
| 035 |
|
|
|a (RuTPU)RU\TPU\book\169128
|
| 090 |
|
|
|a 155939
|
| 100 |
|
|
|a 20090320d1992 d y0rusy5003 ca
|
| 101 |
1 |
|
|a rus
|c kom
|
| 102 |
|
|
|a RU
|
| 105 |
|
|
|a a z 000ay
|
| 200 |
1 |
|
|a Сто серебряных коней
|e коми-пермяцкие народные сказки, песенки, байки, потешки
|e для детей
|f запис. и пересказ. В. В. Климов ; Л. Кузьмин ; худож. В. Аверкиев
|
| 210 |
|
|
|a Пермь
|c Пермская книга
|d 1992
|
| 215 |
|
|
|a 123,[1] с.
|c цв. ил.
|d 22 см
|
| 610 |
1 |
|
|a Фольклор коми-пермяцкий
|
| 610 |
1 |
|
|a детская литература
|
| 675 |
|
|
|a 894.532
|z rus
|
| 702 |
|
1 |
|a Климов
|b В. В.
|g Василий Васильевич
|4 010
|
| 702 |
|
1 |
|a Кузьмин
|b Л.
|4 010
|
| 702 |
|
1 |
|a Аверкиев
|b В.
|4 440
|
| 801 |
|
0 |
|a RU
|b RuMRKP
|c 19950413
|g psbo
|
| 801 |
|
1 |
|a RU
|b 63413507
|c 20090320
|g PSBO
|
| 801 |
|
2 |
|a RU
|b 63413507
|c 20090320
|g PSBO
|
| 942 |
|
|
|c BK
|